Statistics for Coachella Headliners

Click here to take the quiz!

General Stats

  • This quiz has been taken 175 times
    (110 since last reset)
  • The average score is 28 of 58

Answer Stats

YearHeadline Act% Correct
2018Beyoncé
89%
2011Kanye West
77%
2018Eminem
75%
2010Jay-Z
72%
2017Lady Gaga
68%
2019Ariana Grande
65%
2017Kendrick Lamar
65%
2015Drake
63%
2012Dr. Dre and Snoop Dogg
62%
2007Red Hot Chili Peppers
60%
2013Red Hot Chili Peppers
60%
2003Red Hot Chili Peppers
60%
2020Rage Against the Machine
58%
2013Blur
55%
2005Coldplay
55%
2020Travis Scott
55%
2004Radiohead
54%
2012Radiohead
54%
2017Radiohead
54%
2010Muse
52%
2014Muse
52%
2002Oasis
52%
2019Tame Impala
52%
2018The Weeknd
52%
2020Frank Ocean
51%
2010Gorillaz
51%
2016Calvin Harris
48%
2009Paul McCartney
48%
2011Arcade Fire
46%
2014Arcade Fire
46%
2016LCD Soundsystem
46%
2002Björk
45%
2007Björk
45%
2015AC/DC
43%
2019Childish Gambino
43%
2016Guns n' Roses
43%
2008Prince
43%
1999Beck
42%
2011Kings of Leon
42%
2005Nine Inch Nails
42%
2014Outkast
42%
2012The Black Keys
42%
2004The Cure
42%
2009The Cure
42%
2011The Strokes
40%
2015Jack White
38%
2009The Killers
38%
2013The Stone Roses
38%
2006Depeche Mode
37%
2006Tool
37%
1999Tool
37%
2013Phoenix
35%
2008Jack Johnson
34%
2008Roger Waters
34%
1999Rage Against the Machine
32%
2007Rage Against the Machine
32%
2003Beastie Boys
29%
2001Jane's Addiction
29%

Score Distribution

Percentile by Number Answered

Percent of People with Each Score

Your Score History

You have not taken this quiz since the last reset